000 00915naa a2200289 c 4500
001 37062
003 ES-MaCES
005 20060906094300.0
008 060906n2006 sp a t ||0 | spa d
035 _aCES20060013363v
040 _aES-MaCES
_bspa
_cES-MaCES
245 0 0 _aDossier Galicia
500 _aResumen de todos los artículos
650 4 _aGalicia
_930804
650 4 _aprotección ambiental
_929423
650 4 _abiotecnología
_929780
650 4 _abosque
_927585
650 4 _avino
_927689
650 4 _asector agrícola
_927488
650 4 _amercado de productos de base
_927896
650 4 _acultivo de la tierra
_927490
653 1 0 _aAgricultura-Ganadería
773 0 _tAgricultura
_gaño 75, n. 886 (jun. 2006){10115 R. 065029}; p. 494-528
_w(ES-MaCES)25133
_936397
902 _aMON Monográfico de revista
942 _2CES
_cAR
_h5.0.
999 _c37062
_d37062